MARC details
| 000 -LEADER |
| fixed length control field |
01701pam a2200469 a 4500 |
| 008 - FIXED-LENGTH DATA ELEMENTS--GENERAL INFORMATION |
| fixed length control field |
071106s2008 nyua b 000 1 eng |
| 010 ## - LIBRARY OF CONGRESS CONTROL NUMBER |
| LC control number |
2007040896 |
| 020 ## - INTERNATIONAL STANDARD BOOK NUMBER |
| International Standard Book Number |
9780805086829 (trade : alk. paper) |
| 020 ## - INTERNATIONAL STANDARD BOOK NUMBER |
| International Standard Book Number |
080508682X (trade : alk. paper) |
| 040 ## - CATALOGING SOURCE |
| Original cataloging agency |
DLC |
| Transcribing agency |
DLC |
| Modifying agency |
ICrlF |
| 042 ## - AUTHENTICATION CODE |
| Authentication code |
lcac |
| 050 00 - LIBRARY OF CONGRESS CALL NUMBER |
| Classification number |
PZ7.H5686 |
| Item number |
Kat 2008 |
| 082 00 - DEWEY DECIMAL CLASSIFICATION NUMBER |
| Classification number |
[E] |
| Edition number |
22 |
| 035 ## - SYSTEM CONTROL NUMBER |
| System control number |
(IMchF)fol11818195 |
| 005 - DATE AND TIME OF LATEST TRANSACTION |
| control field |
20241220154401.0 |
| 001 - CONTROL NUMBER |
| control field |
76574 |
| 003 - CONTROL NUMBER IDENTIFIER |
| control field |
DCL |
| 100 1# - MAIN ENTRY--PERSONAL NAME |
| Personal name |
Himmelman, John. |
| 9 (RLIN) |
15459 |
| 245 10 - TITLE STATEMENT |
| Title |
Katie loves the kittens / |
| Statement of responsibility, etc |
John Himmelman. |
| 250 ## - EDITION STATEMENT |
| Edition statement |
1st ed. |
| 260 ## - PUBLICATION, DISTRIBUTION, ETC. (IMPRINT) |
| Place of publication, distribution, etc |
New York : |
| Name of publisher, distributor, etc |
Holt, |
| Date of publication, distribution, etc |
2008. |
| 300 ## - PHYSICAL DESCRIPTION |
| Extent |
[32] p. : |
| Other physical details |
col. ill. ; |
| Dimensions |
24 cm. |
| 520 ## - SUMMARY, ETC. |
| Summary, etc |
Sara Ann brings home three little kittens, but Katie the dog's enthusiasm scares the kittens, until she learns that being more patient brings about friendship. |
| 521 0# - TARGET AUDIENCE NOTE |
| Target audience note |
1.8 |
| Source |
Follett Library Resources |
| 521 2# - TARGET AUDIENCE NOTE |
| Target audience note |
K-3 |
| Source |
Follett Library Resources |
| 650 #0 - SUBJECT ADDED ENTRY--TOPICAL TERM |
| Topical term or geographic name as entry element |
Dogs |
| Form subdivision |
Juvenile fiction. |
| 9 (RLIN) |
5674840 |
| 650 #0 - SUBJECT ADDED ENTRY--TOPICAL TERM |
| Topical term or geographic name as entry element |
Cats |
| Form subdivision |
Juvenile fiction. |
| 9 (RLIN) |
5674206 |
| 650 #0 - SUBJECT ADDED ENTRY--TOPICAL TERM |
| Topical term or geographic name as entry element |
Animals |
| General subdivision |
Infancy |
| Form subdivision |
Juvenile fiction. |
| 9 (RLIN) |
5674955 |
| 650 #0 - SUBJECT ADDED ENTRY--TOPICAL TERM |
| Topical term or geographic name as entry element |
Patience |
| Form subdivision |
Juvenile fiction. |
| 9 (RLIN) |
5693832 |
| 650 #0 - SUBJECT ADDED ENTRY--TOPICAL TERM |
| Topical term or geographic name as entry element |
Friendship |
| Form subdivision |
Juvenile fiction. |
| 9 (RLIN) |
5673647 |
| 650 #1 - SUBJECT ADDED ENTRY--TOPICAL TERM |
| Topical term or geographic name as entry element |
Dogs |
| Form subdivision |
Fiction. |
| 9 (RLIN) |
5674795 |
| 650 #1 - SUBJECT ADDED ENTRY--TOPICAL TERM |
| Topical term or geographic name as entry element |
Cats |
| Form subdivision |
Fiction. |
| 9 (RLIN) |
5674208 |
| 650 #1 - SUBJECT ADDED ENTRY--TOPICAL TERM |
| Topical term or geographic name as entry element |
Animals |
| General subdivision |
Infancy |
| Form subdivision |
Fiction. |
| 9 (RLIN) |
5674959 |
| 650 #1 - SUBJECT ADDED ENTRY--TOPICAL TERM |
| Topical term or geographic name as entry element |
Patience |
| Form subdivision |
Fiction. |
| 9 (RLIN) |
5693830 |
| 650 #1 - SUBJECT ADDED ENTRY--TOPICAL TERM |
| Topical term or geographic name as entry element |
Friendship |
| Form subdivision |
Fiction. |
| 9 (RLIN) |
5673769 |
| 650 #7 - SUBJECT ADDED ENTRY--TOPICAL TERM |
| Topical term or geographic name as entry element |
Dogs |
| Form subdivision |
Fiction. |
| Source of heading or term |
sears |
| 9 (RLIN) |
5674795 |
| 650 #7 - SUBJECT ADDED ENTRY--TOPICAL TERM |
| Topical term or geographic name as entry element |
Cats |
| Form subdivision |
Fiction. |
| Source of heading or term |
sears |
| 9 (RLIN) |
5674208 |
| 650 #7 - SUBJECT ADDED ENTRY--TOPICAL TERM |
| Topical term or geographic name as entry element |
Animal babies |
| Form subdivision |
Fiction. |
| Source of heading or term |
sears |
| 9 (RLIN) |
5717182 |
| 650 #7 - SUBJECT ADDED ENTRY--TOPICAL TERM |
| Topical term or geographic name as entry element |
Patience |
| Form subdivision |
Fiction. |
| Source of heading or term |
sears |
| 9 (RLIN) |
5693830 |
| 650 #7 - SUBJECT ADDED ENTRY--TOPICAL TERM |
| Topical term or geographic name as entry element |
Friendship |
| Form subdivision |
Fiction. |
| Source of heading or term |
sears |
| 9 (RLIN) |
5673769 |
| 942 ## - ADDED ENTRY ELEMENTS (KOHA) |
| Koha item type |
UNKNOWN |